000 00552nmm a2200181Ia 4500
008 251105s9999||||xx |||||||||||||||||und||
020 _a9788418223266
041 _aspa
100 _aSánchez Giménez, Pontus
245 0 _aEl arte de la quietud en un mundo agitado
264 _a[Madrid, España] :
_bKōan Libros,
_c2020
300 _a184 páginas
650 _aSelf-help and personal development
700 _aSánchez Giménez, Pontus
700 1 _a Fridh, Magnus
856 _uhttps://public.digitaliapublishing.com/a/100272
942 _cCF
999 _c71058
_d71058